Финансы, денежное обращение и кредит: учебник

Bibliographic Details
Other Authors: Сенчагов В. К. (редактор), Архипов А. И.
Language:Russian
Published: Москва, Проспект, 2000
Subjects:
Format: Book
KOHA link:https://koha.lib.tpu.ru/cgi-bin/koha/opac-detail.pl?biblionumber=24079

MARC

LEADER 00000nam0a2200000 4500
001 24079
005 20231030200046.0
010 |a 583690037X 
035 |a (RuTPU)RU\TPU\book\24305 
035 |a BOOK00000089 
090 |a 24079 
100 |a 20011209d2000 m y0rusy50 ca 
101 0 |a rus 
102 |a RU 
105 |a y j 000zy 
200 1 |a Финансы, денежное обращение и кредит  |e учебник  |f под ред. В. К. Сенчагова, А. И. Архипова 
210 |a Москва  |c Проспект  |d 2000 
215 |a 496 с. 
610 1 |a финансы 
610 1 |a денежное обращение 
610 1 |a кредит 
610 1 |a учебные пособия 
686 |a У9(2)26я73  |v LBC/SL-A  |2 rubbk 
702 1 |a Сенчагов  |b В. К.  |4 340 
702 1 |a Архипов  |b А. И.  |4 340 
801 0 |a RU  |b 63413507  |c 20011209  |g PSBO 
801 2 |a RU  |b 63413507  |c 20081203  |g PSBO 
942 |c BK